Представление документа в формате RUSMARC

ПолеНазваниеЗначение
  Тип записи i
  Библиографический уровень m
001 Контрольный номер RU/ГПНТБ России/KNIGADB/84(4Гем)6-4я04/Р 38-682392420
005 Дата корректировки 20201206205201.5
010 Индекс ISBN __
a ISBN (В кор.)
d Цена 325-00
100 Данные общей обработки __
a Данные общей обработки 19190412d2013 ||| 0rusy0189 ca
101 Язык документа 0_
a Язык текста rus
102 Страна публикации __
a Страна публикации RU
102 Страна публикации __
a Страна публикации RU
105 Кодированные данные (монография) __
a Кодированные данные (монография) || |||||f|zy
127 Кодированные данные (звукозаписи-физические характеристики) __
a Продолжительность проигрывания 012600
200 Заглавие и сведения об ответственности 1_
a Заглавие Теперь пусть уходит
e Сведения, относящиеся к заглавию радиоспектакль : [постановка] МХАТ СССР им. М. Горького
f Первые сведения об ответственности Джон Пристли ; исполняют: М. Болуман [и др.]
b Общее обозначение материала Звукозапись
210 Выходные данные __
a Место издания Москва
c Издательство Гостелерадиофонд
c Издательство Звуковая книга
d Дата издания 2013
215 Физическое описание __
a Объем 1 электрон. опт. диск (CD-DA)
c Иллюстрации/тип воспроизводства mp3
d Формат 13 см
225 Серия __
a Серия Коллекция радиоспектаклей
v Обозначение тома диск № 81
225 Серия __
a Серия Звуковая книга
225 Серия __
a Серия Коллекция радиоспектаклей Гостелерадиофонда
225 Серия __
a Серия Радиоспектакль ГТРФ
230 Специфическая характеристика материала: электронные ресурсы __
a Обозначение и объем ресурса Электронные звуковые данные
300 Общие примечания __
a Общие примечания Запись 1958 г.
300 Общие примечания __
a Общие примечания Заглавие с этикетки диска
330 Аннотация __
a Аннотация Старый и больной знаменитый художник Саймонд Кендл, уставший от притязаний сына на его картины и рисунки, упаковывает их в два больших чемодана и отправляется с ними в другой город к другу. По дороге художнику становится плохо, он теряет память и оказывается в небольшой гостинице на станции один, без картин. Когда Саймонд приходит в себя, то вспоминает, что отправил картины своему другу Рубену Холмсу, а сам видимо сел не в тот поезд. Оказалось, что друг Рубен Холмс скончался три месяца назад. Саймонд понимает, что помочь ему может только любимая внучка Фелисити, и Стэн, сын хозяина гостиницы, в которой он оказался волею судеб…
606 Тематические рубрики __
a Основная рубрика Музыка и зрелищные искусства
606 Тематические рубрики __
a Основная рубрика Художественное радиовещание
606 Тематические рубрики __
a Основная рубрика Художественная литература
606 Тематические рубрики __
a Основная рубрика Литература Европы (произведения)
610 Ключевые слова __
a Ключевые слова английская литература
610 Ключевые слова __
a Ключевые слова радиоспектакли
610 Ключевые слова __
a Ключевые слова тема потери памяти
610 Ключевые слова __
a Ключевые слова детективы
610 Ключевые слова __
a Ключевые слова радиопостановки
686 Индексы других классификаций __
2 Код системы rubbks
a Классификационный индекс 85.381.3(2)-7я04
686 Индексы других классификаций __
2 Код системы rubbks
a Классификационный индекс 84(4Вел)6-4я04
700 Автор _1
a Фамилия Пристли
b Имя Д. Б.
f Даты 1894-1984
g Полное личное имя Джон Бойнтон
4 Код отношения 070
702 Вторичная интеллектуальная ответственность _1
a Фамилия Болдуман
b Имя М. П.
4 Код отношения Прочие
f Даты 1898-1983
g Полное личное имя Михаил Пантелеймович
4 Код отношения 570
702 Вторичная интеллектуальная ответственность _1
a Фамилия Прудкин
b Имя М. И.
4 Код отношения Прочие
f Даты 1898-1994
g Полное личное имя Марк Исаакович
4 Код отношения 570
702 Вторичная интеллектуальная ответственность _1
a Фамилия Гуляева
b Имя Н. И.
4 Код отношения Прочие
f Даты 1931-
g Полное личное имя Нина Ивановна
4 Код отношения 570
702 Вторичная интеллектуальная ответственность _1
a Фамилия Муравьев
b Имя В. Н.
4 Код отношения Прочие
f Даты 1914-1973
g Полное личное имя Владимир Николаевич
4 Код отношения 570
702 Вторичная интеллектуальная ответственность _1
a Фамилия Недзвецкий
b Имя Ю. В.
4 Код отношения Прочие
f Даты 1907-1992
g Полное личное имя Юрий Владимирович
4 Код отношения 570
702 Вторичная интеллектуальная ответственность _1
a Фамилия Конский
b Имя Г. Г.
4 Код отношения Прочие
f Даты 1911-1972
g Полное личное имя Григорий Григорьевич
4 Код отношения 570
702 Вторичная интеллектуальная ответственность _1
a Фамилия Ханаева
b Имя Е. Н.
4 Код отношения Прочие
f Даты 1921-1987
g Полное личное имя Евгения Никандровна
4 Код отношения 570
702 Вторичная интеллектуальная ответственность _1
a Фамилия Михайлов
b Имя А. Я.
4 Код отношения Прочие
f Даты 1944-
g Полное личное имя Александр Яковлевич
4 Код отношения 570
702 Вторичная интеллектуальная ответственность _1
a Фамилия Комиссаров
b Имя А. Д.
4 Код отношения Прочие
f Даты 1944-
g Полное личное имя Александр Данилович
4 Код отношения 570
801 Источник записи _0
a Страна RU
b Организация Муниципальное бюджетное учреждение культуры "Централизованная библиотечная система" г. Сургут (Центральная городская библиотека им. А. С. Пушкина)
c Дата составления 20190412
g Правила каталогизации PSBO
801 Источник записи _1
a Страна RU
b Организация Муниципальное бюджетное учреждение культуры "Централизованная библиотечная система" г. Сургут (Центральная городская библиотека им. А. С. Пушкина)
c Дата составления 20190412
g Правила каталогизации PSBO
852 Данные о местонахождении __
j Шифр хранения 85.381.3(2)-7я04
i Авторский знак П 77
901 Тип документа __
a Ответственный КиК/Котельникова
t Тип документа 0
903 Характеристики (МАРС) __
a Дата передачи 20190412
969 Тип издания __
a Тип издания аудиокнига
a Тип издания издание для слепых
990 Данные о заказе (DOS) __
j Количество экземпляров (DOS) 2
t N записи в КСУ для И/У (DOS) 201905